Casos de éxito en marketing /
Se recoge aquí la experiencia de empresarios y directivos de alto nivel de grandes empresas que han conseguido mantenerse y/o posicionarse con éxito en el mercado.
Na minha lista:
| Autor Corporativo: | |
|---|---|
| Formato: | Livro |
| Idioma: | espanhol |
| Publicado em: |
México :
McGraw-Hill,
2007, c2007
|
| Colecção: | (Marketing McGraw-Hill)
|
| Assuntos: | |
| Tags: |
Sem tags, seja o primeiro a adicionar uma tag!
|
MARC
| LEADER | 00000nam^a2200000^a^4500 | ||
|---|---|---|---|
| 001 | 000269578 | ||
| 005 | 20250521000000.0 | ||
| 008 | 071108 20072007 | ||
| 009 | 20260310110929.564 | ||
| 020 | |a 978-970-10-6278-4 | ||
| 037 | |a Acervo ITESO - Biblioteca | ||
| 041 | |a ESP | ||
| 082 | |a 658. 8 |b BUS | ||
| 110 | |a Business Week | ||
| 245 | 1 | 0 | |a Casos de éxito en marketing / |c Business Week ; tr. por Roberto Mendoza Carapia. |
| 264 | 4 | |a México : |b McGraw-Hill, |c 2007, c2007 | |
| 300 | |a IX, 169 p. | ||
| 336 | |a texto |b txt |2 rdacontenido | ||
| 337 | |a sin mediación |b n |2 rdamedio | ||
| 338 | |a volumen |b nc |2 rdasoporte | ||
| 440 | 1 | |a (Marketing McGraw-Hill) | |
| 520 | |a Se recoge aquí la experiencia de empresarios y directivos de alto nivel de grandes empresas que han conseguido mantenerse y/o posicionarse con éxito en el mercado. | ||
| 649 | |a XX | ||
| 650 | |a Empresarios | ||
| 650 | |a Gerentes y Jefes | ||
| 650 | |a Mercadólogos | ||
| 650 | |a Exito Administrativo - |x Tema Principal | ||
| 650 | |a Proceso Administrativo - |x Dirección | ||
| 650 | |a Mercadotecnia - |x Tema Principal | ||
| 650 | |a Administración | ||
| 650 | |a Ciencias Administrativas | ||
| 910 | |a Fondo General | ||
| 920 | |a Impresos - Libros | ||
| 930 | |a Colección General | ||
| 905 | |a 101 | ||
| 901 | |a 0500154442 |b IT1 |c ACC |u 20250521 | ||
| 902 | |a https://opac.biblio.iteso.mx/vufind/Record/000269578 | ||